NLSUI OPAC header image

Economic sciences, 2001-2005 / (Record no. 31583)

MARC details
000 -LEADER
fixed length control field 00677cam a2200217 a 4500
005 - DATE AND TIME OF LATEST TRANSACTION
control field 20260407170848.0
008 - FIXED-LENGTH DATA ELEMENTS--GENERAL INFORMATION
fixed length control field 081211s2008 si ac b 000 0deng d
020 ## - INTERNATIONAL STANDARD BOOK NUMBER
International Standard Book Number 9789812794390 (pbk)
082 04 - DEWEY DECIMAL CLASSIFICATION NUMBER
Classification number 330 ENG
245 00 - TITLE STATEMENT
Title Economic sciences, 2001-2005 /
Statement of responsibility, etc. editor, Peter Englund
260 ## - PUBLICATION, DISTRIBUTION, ETC.
Place of publication, distribution, etc. Singapore ;
Name of publisher, distributor, etc. World Scientific,
Date of publication, distribution, etc. 2008.
300 ## - PHYSICAL DESCRIPTION
Extent xii, 525 p. :
Dimensions 25 cm.
365 ## - TRADE PRICE
Price amount Rs. 3809.00
440 ## - SERIES STATEMENT/ADDED ENTRY--TITLE
Title Nobel lectures, including presentation speeches and laureates' biographies
650 #0 - SUBJECT ADDED ENTRY--TOPICAL TERM
Topical term or geographic name entry element Economics.
650 #0 - SUBJECT ADDED ENTRY--TOPICAL TERM
Topical term or geographic name entry element Nobel Prizes.
650 #0 - SUBJECT ADDED ENTRY--TOPICAL TERM
Topical term or geographic name entry element Economists
Form subdivision Biography.
650 #0 - SUBJECT ADDED ENTRY--TOPICAL TERM
Topical term or geographic name entry element Nobel Prize winners
Form subdivision Biography.
700 1# - ADDED ENTRY--PERSONAL NAME
Personal name Englund, Peter
942 ## - ADDED ENTRY ELEMENTS (KOHA)
Source of classification or shelving scheme Dewey Decimal Classification
Koha item type BOOKs
Holdings
Withdrawn status Lost status Damaged status Not for loan Home library Current library Shelving location Date acquired Cost, normal purchase price Total Checkouts Full call number Barcode Date last seen Price effective from Koha item type
        . .   30.05.2017 3809.00   330 ENG 28801 30.05.2017 30.05.2017 BOOKs